000 00298nam a22001337a 4500
008 170608b xxu||||| |||| 00| 0 eng d
020 _a9780070227552
041 _aeng
080 _a328
100 _a18
101 _aSHP
245 _aREPRESENTATIVE GOVERNMENT
_cGALLAGHER,M
942 _2udc
_cBK
999 _c16473
_d16473